000 01336nam0a22002891 4500
001 rc\61165
005 20050405160834.4
035 _a(NLR Aleph) 008750352
090 _a7803507
_c7803507
100 _a20021216d1991 u |0rusy50 ca
101 0 _arus
102 _aRU
105 _ay |||||||||
200 1 _aДУХОВНАЯ культура в жизни этноса
_eСб. науч. тр.
_fАН СССР. Сиб. отд-ние. Якут. ин-т яз. лит. и истории
_g[Редкол.: к. ист. н. Романова (отв. ред.) и др.]
210 _aЯкутск
_cЯНЦ СО АН СССР
_d1991 (вып. дан. 1992)
215 _a106 с.
_d21
320 _aБиблиогр. в конце ст.
606 1 _aДуховная культура
_xЭтнографические исследования
_jСборники
_2nlr_sh1
606 1 _aЯкуты
_xЭтнографические исследования
_jСборники
_2nlr_sh1
702 1 _aРоманова
_bЕ. Н.
_gЕкатерина Назаровна
_4340
712 0 2 _aИнститут языка, литературы и истории
_cЯкутск
_3RU\NLR\AUTH\889928958
801 0 _aRU
_bNLR
_gpsbo
801 1 _aRU
_bELAR
_2rusmarc
801 2 _aRU
_bNLR
_c20050405
_2rusmarc
852 _aNLR
_j93-3/2801
942 _cBOOK
980 _aNB